| 000 | 00742nam a2200181 4500 | ||
|---|---|---|---|
| 999 |
_c17155 _d17155 |
||
| 008 | 220607b ||||| |||| 00| 0 eng d | ||
| 022 | _a0732-8435 | ||
| 082 | _aDPer 657.05 C33 Jan - Apr 2011, v. 81 n 1 - 4 | ||
| 100 |
_aHines, Charles. _945570 |
||
| 245 |
_aThe new healthcare tax credit for small employers: _bconsiderations for tax-exempt organizations and business/ _cCharles Hines, Jerry Kreuze and Sheldon Langsam. |
||
| 260 |
_aNew York: _bThe New York State Society of CPA, _c2011. |
||
| 300 |
_aV81 n3, pages 46-49: _bcolor illustrations; _c28 cm. |
||
| 500 | _aThe CPA Journal. | ||
| 650 |
_aTax credits. _945571 |
||
| 700 |
_aKreuze, Jerry. _eAuthor. _945572 |
||
| 700 |
_aLangsam, Sheldon. _eAuthor. _945573 |
||
| 942 |
_2ddc _cPER |
||